000 00512nam a2200217Ia 4500
003 OSt
005 20220923230637.0
006 a|||||r|||| 00| 0
007 ta
008 Pun
024 _a287,090
037 _cTextual
040 _aARTS
_cARTS
_bPun
041 _2Pun
_aPun
082 _aY2, 153L0
100 _aਗਿੱਲ, ਜਸਵੰਤ
245 0 _aਗਿਆਨ ਕਣੀ
260 _c1970
942 _hY2, 153L0
_cTEXL
_2CC
999 _c386236
_d386236